| 000 | 00507nam a2200169Ia 4500 | ||
|---|---|---|---|
| 008 | 190423s9999 xx 000 0 und d | ||
| 100 | _aDrake, Francis | ||
| 245 | _aWhat is takes to be royal/ | ||
| 245 | _cFrancis Drake and Katharine Drake | ||
| 260 | _bReader's Digest Asia | ||
| 260 | _c2019 | ||
| 300 | _aPages 50-59, January 2019 | ||
| 440 |
_aAsia Reader's Digest: Classic Reads _v115:671 |
||
| 650 | _aBuckingham Palace -- United Kingdom | ||
| 650 | _aMonarchy | ||
| 650 | _aQueen Elizabeth II | ||
| 999 |
_c361489 _d361489 |
||